Northernmost Countries in the Southern Hemisphere - Statistics

General Stats
  • This quiz has been taken 61 times
  • The average score is 15 of 20
Answer Stats
Latitude Country % Correct
09°40′S Bolivia
92%
08°14′S Zambia
86%
09°16′S Australia
84%
08°19′S East Timor
82%
04°24′S Angola
80%
10°27′S Mozambique
80%
00°01′S Peru
78%
00°59′S Tanzania
78%
02°18′S Burundi
76%
11°57′S Madagascar
76%
01°03′S Rwanda
76%
09°22′S Malawi
75%
05°13′S Solomon Islands
75%
00°30′S Nauru
73%
00°52′S Papua New Guinea
73%
11°22′S Comoros
71%
05°39′S Tuvalu
71%
10°25′S Mauritius
69%
03°43′S Seychelles
69%
08°31′S New Zealand (Tokelau)
65%
No matching quizzes found
Score Distribution
Percent of People with Each Score
Percentile by Number Answered
Your Score History
You have not taken this quiz